000 00514nam a22001817a 4500
003 BD-ChCU
005 20260507105058.0
008 260507b nyu ||||| |||| 00| 0 eng d
020 _a9789814560986
040 _cBD-ChCU
082 _223
_a551.46 R224h
100 _aRashid, Towhida.
_922593
245 _aHolocene sea-level scenarios in Bangladesh /
_cTowhida Rashid.
260 _aNew York :
_bSpringer,
_c2014
300 _a78 P. :
650 0 _a Physical geography ; Oceanography.
_922595
942 _2ddc
_cBK
_n0
999 _c112775
_d112775